| 000 | 00933 a2200289 4500 | ||
|---|---|---|---|
| 001 | 200128831 | ||
| 003 | TR-AnTOB | ||
| 005 | 20240802115051.0 | ||
| 008 | 130520s2006 tu 000 0 | ||
| 020 | _a9759081962 | ||
| 040 |
_aTR-AnTOB _cTR-AnTOB |
||
| 041 | 1 |
_atur _heng |
|
| 050 | 0 |
_aDT60 _b.S2519 2006 |
|
| 090 | _aDT60 .S2519 2006 | ||
| 100 | 1 |
_aSands, Emily _987545 |
|
| 245 | 1 | 0 |
_aMısır'ın harikaları : _bMısır bilimi dersleri / _cEmily Sands ; Türkçeleştiren Levent Türer. |
| 264 | 1 |
_aİzmir : _bTudem, _c2006. |
|
| 300 |
_a77 p : _bcol. ill., maps ; _c21cm. |
||
| 651 |
_aEgypt _xAntiquities _vJuvenile literature _987550 |
||
| 651 | 0 |
_aEgypt _xHistory _vJuvenile literature _987549 |
|
| 651 | 0 |
_aMısır _xEski eserler _vÇocuk edebiyatı _987548 |
|
| 651 | 0 |
_aMısır _xTarih _vÇocuk edebiyatı _987547 |
|
| 700 | 1 |
_aTürer, Levent _987546 |
|
| 730 | 4 | 2 | _aThe wonders of Egypt |
| 942 |
_cBK _2lcc |
||
| 999 |
_c200128831 _d31752 |
||